Score 0/19 Timer 02:00
0 Plays Today
Hint 4-Letter Word % Correct
☒ MARRIED ____ CHILDREN ☒☒ WITH ☒
94.9%
____-Out correction fluidWITE
85.1%
Darth Maul or VaderSITH
83.6%
☒ LADDER STEP ☒☒ RUNG ☒
81.3%
LocationSITE
79.8%
Had onWORE
79.3%
Shiraz or SyrahWINE
78.9%
On a ____ and a prayerWING
78.6%
Isildur's Bane, e.g.RING
73.7%
☒ CEREMONY ☒☒ RITE ☒
71%
Hint 4-Letter Word % Correct
____ Cowbell!MORE
68.6%
Ancient symbolRUNE
68%
Learn by ____ROTE
61.2%
The Golden ____RULE
58.1%
Make angryRILE
56.3%
SpeckMOTE
54.4%
☒ OCCUPY COMPLETELY ☒☒ FILL ☒
50.3%
StreamletRILL
42.6%
☒ PASS OR MAGIC FOLLOWER ☒☒ WORD ☒
32.9%

Today's Daily Dose

Remove Ads.
Support Sporcle.
Get the best of Sporcle when you Go Orange. This ad-free experience offers more features, more stats, and more fun while also helping to support Sporcle. Thank you for becoming a member.

You're not logged in!

Compare scores with friends on all Sporcle quizzes.
OR
Log In

Show Comments

Extras

Top Quizzes Today


Score Distribution

Your Account Isn't Verified!

In order to create a playlist on Sporcle, you need to verify the email address you used during registration. Go to your Sporcle Settings to finish the process.

Report this User

Report this user for behavior that violates our Community Guidelines.

Details: